| 000 | 01358nam0a22002531 4500 | ||
|---|---|---|---|
| 001 | rc\3381302 | ||
| 005 | 20250609223624.0 | ||
| 021 |
_aRU _b[69-18427] |
||
| 035 | _a(NLR Aleph) 007534369 | ||
| 090 |
_a7764799 _c7764799 |
||
| 100 | _a20130115d1969 |||y0rusy50 ca | ||
| 101 | 0 | _arus | |
| 102 | _aRU | ||
| 105 | _ay z ||||| | ||
| 200 | 1 |
_aТезисы докладов _fАзерб. отд-ние ВХО им. Д.И. Менделеева. Ин-т нефтехим. процессов им. акад. Ю.Г. Мамедалиева АН АзССР. Ин-т теорет. проблем хим. технологии АН АзССР. Ин-т кибернетики АН АзССР. НИПИ "Нефтехимавтомат". Азинефтехим. им. М. Азизбекова. 1 респ. конференция по оптимизации хим. реакторов 18-19 февр. 1969 г. |
|
| 210 |
_aБаку _cБ. и. _d1969 |
||
| 215 |
_a37 с. _d19 |
||
| 606 |
_aХимические реакторы _xОптимизация _jТезисы докладов _2psbo |
||
| 710 | 1 | 2 | _aАзербайджанская респ. конференция по оптимизации химических реакторов (1; 1969; Баку) |
| 801 | 0 |
_aRU _bNLR _gpsbo |
|
| 801 | 1 |
_aRU _bELAR _2rusmarc |
|
| 852 |
_aNLR _j69-4/7541 |
||
| 942 | _cBOOK | ||
| 980 | _aNB | ||